| 000 | 00605cam a2200169 a 4500 | ||
|---|---|---|---|
| 020 | _a0313241198 (lib. bdg.) | ||
| 082 | 0 | 0 |
_a502 _bCON |
| 100 | 1 |
_aConant, James Bryant, _949747 |
|
| 245 | 1 | 0 |
_aModern science and modern man / _cby James B. Conant. |
| 260 |
_aWestport, Conn. : _bGreenwood Press, _c1983, c1952. |
||
| 300 |
_a111 p. ; _c23 cm. |
||
| 500 | _aReprint. Originally published: New York : Columbia University Press, 1952. (Bampton lectures in America ; no. 5) | ||
| 526 |
_a0 _b0 _c0 _d502_000000000000000_CON |
||
| 650 | 0 |
_aMCE _9379 |
|
| 650 | 0 |
_aScience _xPhilosophy. _940345 |
|
| 942 |
_2ddc _cBK |
||
| 999 |
_c552621 _d552621 |
||